• 首页
  • 本馆介绍
  • 公告通知
  • 最新文献
  • 馆藏检索
  • 电子资源
  • 读者导购
  • 参考咨询
  • 我的图书馆
  • 登录
  • 详细信息显示
  • 放入我的书架
  • 预约/预借图书
  • 作者相关作品
  • 分类相关作品
  • 丛书相关作品
  • 出版社相关作品

书目信息

  • 表格格式
  • 工作单格式
  • 卡片格式
题名:
元朝名臣事略
    
 
作者: 苏天爵 撰 ;姚景安 点校
分册:  
出版信息: 北京   中华书局  2019.10
页数: 322页
开本: 21cm
丛书名: 中国史学基本典籍丛刊
单 册:
中图分类: K827=47
科图分类:
主题词: 政治人物--zheng zhi ren wu--生平事迹--中国--元代
电子资源:
ISBN: 978-7-101-14172-6
000 01423oam2 2200265 450
001 2131039691
005 20211029202829.0
010    @a978-7-101-14172-6@dCNY38.00
100    @a20191015d2019 em y0chiy0110 ea
101 0  @achi
102    @aCN@b110000
105    @ay z 000yy
106    @ar
200 1  @a元朝名臣事略@Ayuan chao ming chen shi lue@f(元)苏天爵撰@g姚景安点校
210    @a北京@c中华书局@d2019.10
215    @a322页@d21cm
225 2  @a中国史学基本典籍丛刊@Azhong guo shi xue ji ben dian ji cong kan
330    @a《元朝名臣事略》十五卷,元末苏天爵撰辑,原名《国朝名臣事略》。清乾隆中期,武英殿聚珍版刊行此书时,改为今名。本书是一部史料价值很高的传记体专著,记述了元初四十七位名臣的事迹,在元代史学著作中是颇有代表性的。本书所收录人的事迹均辑于有关人的碑铭、墓志、行状、家传及时人文集和其他记载,全书引文达一百二十三篇,都是第一手资料,有不少篇章得以本书留存于世,如元初著名文人王鹗、王盘、徐世隆、阎复、元明善、李谦等人的文集今已不存,他们的不少名篇只见于本书。此次点校本,以中华书局影印的元统乙亥余志安勤有书堂刊本为底本,校以上述明清抄本,清畿辅丛书刊本和光绪二十年福建刊聚珍本,并在整理时,参考了丛书集成本。
461  0 @12001 @a中国史学基本典籍丛刊
606 0  @a政治人物@Azheng zhi ren wu@x生平事迹@y中国@x元代
690    @aK827=47@v5
701  0 @c(元)@a苏天爵@Asu tian jue@4撰
702  0 @a姚景安@Ayao jing an@4点校
801  0 @aCN@b百万庄@c20211029
905    @b1312935-38@dK827=47@e1079@f4
    
    元朝名臣事略/(元)苏天爵撰/姚景安点校.-北京:中华书局,2019.10
    322页;21cm.-(中国史学基本典籍丛刊)
    
    
    ISBN 978-7-101-14172-6:CNY38.00
    《元朝名臣事略》十五卷,元末苏天爵撰辑,原名《国朝名臣事略》。清乾隆中期,武英殿聚珍版刊行此书时,改为今名。本书是一部史料价值很高的传记体专著,记述了元初四十七位名臣的事迹,在元代史学著作中是颇有代表性的。本书所收录人的事迹均辑于有关人的碑铭、墓志、行状、家传及时人文集和其他记载,全书引文达一百二十三篇,都是第一手资料,有不少篇章得以本书留存于世,如元初著名文人王鹗、王盘、徐世隆、阎复、元明善、李谦等人的文集今已不存,他们的不少名篇只见于本书。此次点校本,以中华书局影印的元统乙亥余志安勤有书堂刊本为底本,校以上述明清抄本,清畿辅丛书刊本和光绪二十年福建刊聚珍本,并在整理时,参考了丛书集成本。
●
相关链接 在E读中查询图书 在五车中查询图书 在当当中查询图书 在豆瓣中查询图书


正题名:元朝名臣事略     索取号:K827=47/1079         预约/预借

序号 登录号 条形码 馆藏地/架位号 状态 备注
1 1312935   213129354   第二样本阅览室/ [索取号:K827=47/1079] 在馆    
2 1312936   213129363   第二借阅区/ [索取号:K827=47/1079] 在馆    
3 1312937   213129372   第二借阅区/ [索取号:K827=47/1079] 在馆    
4 1312938   213129381   第二借阅区/ [索取号:K827=47/1079] 在馆    
唐山师范学院图书馆 欢迎您!
大连网信软件有限公司© 版权所有